Asian Countries with Most Folk Religion - Statistics

General Stats
  • This quiz has been taken 70 times
  • The average score is 9 of 12
Answer Stats
% Country % Correct
21.9 China
98%
45.3 Vietnam
89%
30.7 Laos
87%
44.2 Taiwan
81%
3.5 Mongolia
79%
1.9 Bhutan
77%
3.7 Nepal
77%
5.8 Myanmar
74%
2.3 Malaysia
73%
12.3 North Korea
69%
2.3 Singapore
66%
6.2 Brunei
63%
No matching quizzes found
Score Distribution
Percent of People with Each Score
Percentile by Number Answered
Your Score History
You have not taken this quiz